| 000 | 00571nam a22001337a 4500 | ||
|---|---|---|---|
| 040 | _cRUA | ||
| 082 | _aAVM NOU 2012 B0101 Or.1 | ||
| 100 | _aNOU SAMORN | ||
| 245 | _aSurvey of infections disease of pigs at kohthomdistrict, kandal province, (អង្កេតពីជំងឺឆ្លងលើជ្រូក នៅស្រុកកោះធំ ខេត្តកណ្ដាល) | ||
| 260 |
_aPhnom Penh _bRua _c2012 |
||
| 300 |
_aix, 52p. _bill. _c29cm. |
||
| 856 | _uhttps://drive.google.com/file/d/1AKmX0To-bcG3rbxgx3CwPk9gOFaJdcP1/view?usp=sharing | ||
| 942 | _cAVM | ||
| 999 |
_c2561 _d2561 |
||